Normal view
MARC view
- MECHANICAL ENGINEERING.ENGINEERING THERMODYNAMICS-ANSWERS.STRENGTH OF MATERIALS-ANSWERS
Entry Topical Term
001 - CONTROL NUMBER
- control field: 61891
003 - CONTROL NUMBER IDENTIFIER
- control field: NUST
005 - DATE AND TIME OF LATEST TRANSACTION
- control field: 20210628202834.0
008 - FIXED-LENGTH DATA ELEMENTS
- fixed length control field: 210628|| aca||aabn | a|a d
040 ## - CATALOGING SOURCE
- Original cataloging agency: NUST
- Transcribing agency: NUST
150 ## - HEADING--TOPICAL TERM
- Topical term or geographic name entry element: MECHANICAL ENGINEERING.ENGINEERING THERMODYNAMICS-ANSWERS.STRENGTH OF MATERIALS-ANSWERS
670 ## - SOURCE DATA FOUND
- Source citation: Work cat.: (NUST): Nag, P .K 60014, Mechanical engineering includes answers to the 2000-2003 uptu question papers, 2003
